|
|
|
|
| LEADER |
01298nam a2200325 a 4500 |
| 001 |
28620 |
| 003 |
BD-DhAAL |
| 005 |
20141126120458.0 |
| 008 |
141126r20051998nyu 000 1 eng |
| 010 |
|
|
|a 2005047587
|
| 020 |
|
|
|a 0349119082
|
| 020 |
|
|
|a 0375423877 (hardcover)
|
| 040 |
|
|
|a DLC
|c DLC
|d DLC
|d BD-DhAAL
|
| 043 |
|
|
|a f-bs---
|
| 050 |
1 |
0 |
|a PR6063.C326
|b N6 2005
|
| 082 |
0 |
0 |
|a 823/.914
|2 22
|
| 100 |
1 |
|
|a McCall Smith, Alexander,
|d 1948-
|9 6239
|
| 245 |
1 |
4 |
|a The No. 1 Ladies' Detective Agency /
|c Alexander McCall Smith.
|
| 246 |
3 |
|
|a Number One Ladies' Detective Agency
|
| 260 |
|
|
|a New York :
|b Abacus,
|c [2005], c1998.
|
| 300 |
|
|
|a 250 p. ;
|c 19 cm.
|
| 541 |
|
|
|e 28620
|
| 650 |
|
0 |
|a Ramotswe, Precious (Fictitious character)
|v Fiction.
|9 6240
|
| 650 |
|
0 |
|a Women private investigators
|z Botswana
|v Fiction.
|9 6241
|
| 650 |
|
0 |
|a No. 1 Ladies' Detective Agency (Imaginary organization)
|v Fiction.
|9 6242
|
| 651 |
|
0 |
|a Botswana
|v Fiction.
|9 6243
|
| 655 |
|
7 |
|a Mystery fiction.
|2 gsafd
|9 6244
|
| 942 |
|
|
|2 ddc
|c BK
|
| 999 |
|
|
|c 33133
|d 33133
|
| 952 |
|
|
|0 0
|1 0
|2 ddc
|4 0
|6 823_914000000000000_MCC
|7 0
|9 44232
|a BRACUL
|b BRACUL
|c GEN
|d 2014-11-26
|e BRAC Institute of Language (BIL)
|l 6
|m 24
|o 823.914 MCC
|p 3010028620
|q 2026-06-02
|r 2026-05-17
|s 2026-05-17
|t 1
|w 2014-11-26
|y BK
|x Transferred from BIL to BRACUL on 06/06/22
|